01148 a2200193 4500003000500000005001700005010001600022020001500038040000900053082001300062100002600075245004900101250001200150260005100162300003100213505065000244538002900894650003100923Nust20170207152908.0 a 73012705 a0136110959 cNust00a621.31921 aVan Valkenburg, M. E.10aNetwork analysisc[by] M. E. Van Valkenburg. a3rd ed. aEnglewood Cliffs, N.J.,bPrentice-Hallc[1974] axv, 571 p.billus.c25 cm. aDevelopment of the Circuit Concept (Page-1) Conventions for Describing Networks (Page-34) Network Equations (Page-50) First-order Differential Equations (Page-99) Initial Conditions in Networks (Page-118) Differential Equations Continued (Page-139) The Laplace Transformation (Page-170) Transforms of Other Signal Waveforms (Page-202) Impedance Functions and Network Theorems (Page-242) Network Functions Poles and Zeros (Page-279) Two-Port Parameters (Page-325) Sinusoidal Steady State Analysis (Page-351) Frequency Response Plots (Page-)372 Input Power Transfer and Insertions Loss (Page-419) Fourier Integral and Continuous Spectra (Page-490) aAlmirah No.31 Shelf No.6 0aElectric network analysis.